|
|
|
|
| LEADER |
02194nam a2200505 4500 |
| 001 |
ocn933585826 |
| 003 |
OCoLC |
| 005 |
20170124070734.7 |
| 006 |
m o d |
| 007 |
cr |n||||||||| |
| 008 |
151231s2016 nju o 101 0 eng d |
| 040 |
|
|
|a YDXCP
|b eng
|e rda
|e pn
|c YDXCP
|d DG1
|d OCLCO
|d OCLCF
|d OCLCO
|d DEBBG
|d KSU
|d GrThAP
|
| 020 |
|
|
|a 9781119211501
|q electronic bk.
|
| 020 |
|
|
|a 1119211506
|q electronic bk.
|
| 020 |
|
|
|z 9781119211495
|
| 020 |
|
|
|z 1119211492
|
| 029 |
1 |
|
|a GBVCP
|b 856576751
|
| 029 |
1 |
|
|a DEBBG
|b BV043738244
|
| 035 |
|
|
|a (OCoLC)933585826
|
| 050 |
|
4 |
|a TK2931
|
| 082 |
0 |
4 |
|a 621.31/2429
|2 23
|
| 049 |
|
|
|a MAIN
|
| 111 |
2 |
|
|a International Conference on Advanced Ceramics and Composites
|n (39th :
|d 2015 :
|c Daytona Beach, Fla.)
|
| 245 |
1 |
0 |
|a Advances in solid oxide fuel cells and electronic ceramics :
|b a collection of papers presented at the 39th International Conference on Advanced Ceramics and Composites, January 25-30, 2015, Daytona Beach, Florida /
|c editors: Narottam P. Bansal, Mihails Kusnezoff, Kiyoshi Shimamura ; volume editors: Jingyang Wang, Soshu Kirihara.
|
| 264 |
|
1 |
|a Hoboken, New Jersey :
|b Wiley,
|c 2016.
|
| 300 |
|
|
|a 1 online resource.
|
| 336 |
|
|
|a text
|b txt
|2 rdacontent
|
| 337 |
|
|
|a computer
|b c
|2 rdamedia
|
| 338 |
|
|
|a online resource
|b cr
|2 rdacarrier
|
| 500 |
|
|
|a Includes author index.
|
| 588 |
0 |
|
|a Online resource; title from PDF title page (John Wiley, viewed January 6, 2016).
|
| 650 |
|
0 |
|a Solid oxide fuel cells
|v Congresses.
|
| 650 |
|
0 |
|a Electronic ceramics
|v Congresses.
|
| 650 |
|
7 |
|a Electronic ceramics.
|2 fast
|0 (OCoLC)fst00906859
|
| 650 |
|
7 |
|a Solid oxide fuel cells.
|2 fast
|0 (OCoLC)fst01125420
|
| 655 |
|
4 |
|a Electronic books.
|
| 655 |
|
7 |
|a Conference papers and proceedings.
|2 fast
|0 (OCoLC)fst01423772
|
| 700 |
1 |
|
|a Bansal, Narottam P.,
|e editor.
|
| 700 |
1 |
|
|a Kusnezoff, Mihails,
|e editor.
|
| 700 |
1 |
|
|a Shimamura, Kiyoshi,
|e editor.
|
| 700 |
1 |
|
|a Wang, Jingyang
|c (Materials scientist),
|e editor.
|
| 700 |
1 |
|
|a Kirihara, Soshu,
|e editor.
|
| 776 |
0 |
8 |
|i Print version:
|z 9781119211495
|z 1119211492
|w (OCoLC)915499885
|
| 856 |
4 |
0 |
|u https://doi.org/10.1002/9781119211501
|z Full Text via HEAL-Link
|
| 994 |
|
|
|a 92
|b DG1
|